| 000 | 00594nam a22001217a 4500 | ||
|---|---|---|---|
| 008 | 110622t xxu||||| |||| 00| 0 eng d | ||
| 010 | _aCACAF 67 | ||
| 245 | _aThe Court of Appeal Civil Appllication No. 14 of 1979 Simon Baryawo Vs Attorney General of Uganda. | ||
| 260 | _c1979 | ||
| 500 | _aCoram: Wambuzi, C.J. , Musoke, P.J. & Nyamuchoncho, J.A. | ||
| 500 | _aAppeal from a judgment of the High Court of Uganda at Kampala (Butagira, J.) dated 24th June, 1979. In Civil Suit No. 1489 of 1976. | ||
| 999 |
_c3542 _d3542 |
||